Prime due lettere dei Paesi - Morte improvvisa - Statistics

Statistiche generali
  • Questo quiz è stato fatto 524 volte
  • Il punteggio medio è 12 su 25
Answers on the Grid
Answers color-coded by a green-red scale on the quiz's grid according to % correct below.
AF
BA
CA
CO
EG
GA
GR
IR
KI
LI
MA
NA
PA
RE
SA
SL
SV
TU
VE
ZI
QA
AS
BL
CH
DI
EN
GO
HU
IE
LO
MU
OR
PI
RA
SD
TE
UD
VO
ZE
FA
CE
PU
YE
RO
LE
GU
OD
QU
RI
US
 
Statistiche sulle risposte
Risposta % Corretto
YE
65%
TU
59%
IR
58%
PA
58%
QA
57%
AF
55%
KI
54%
MA
54%
SL
53%
SV
53%
RO
51%
CO
50%
GR
50%
VE
50%
GU
48%
BA
47%
ZI
47%
LI
46%
CA
44%
EG
42%
NA
40%
LE
38%
GA
34%
RE
28%
SA
28%
Nessun quiz corrispondente trovato
Distribuzione punteggi
Percentuale di utenti per punteggio
Percentile per numero di risposta
I tuoi punteggi nel tempo
Non hai fatto questo quiz